000 00381nam a2200157Ia 4500
008 160316s1999 xxu||||| |||| 00| 0 eng d
082 _a305.230000
_bUNI
100 _a
245 _aRights of girls
250 _a
260 _aNew York
_bUNICEF
_c1999
300 _a199
_b
_c
365 _b
650 _a1. girls rights 2. convention on the rights of the child
700 _a
_a
999 _c35140
_d35140